Online
Catalog

Enseres y tramoyas : (Record no. 51707)

MARC details
000 -CABECERA
campo de control de longitud fija 02924nam a2200385 i 4500
003 - IDENTIFICADOR DEL NÚMERO DE CONTROL
campo de control DO-SdBNP
005 - FECHA Y HORA DE LA ÚLTIMA TRANSACCIÓN
campo de control 20250219074028.0
007 - CAMPO FIJO DE DESCRIPCIÓN FÍSICA--INFORMACIÓN GENERAL
campo de control de longitud fija ta
008 - DATOS DE LONGITUD FIJA--INFORMACIÓN GENERAL
campo de control de longitud fija 220512e2021 dr ||||gr|||| 001 edspa d
020 ## - NÚMERO INTERNACIONAL ESTÁNDAR DEL LIBRO
Número Internacional Estándar del Libro 9789945613940
040 ## - FUENTE DE LA CATALOGACIÓN
Centro catalogador/agencia de origen DO-SdBNP
Lengua de catalogación spa
Centro/agencia transcriptor BNPHU
Normas de descripción rda
041 ## - CÓDIGO DE LENGUA
Código de lengua del texto/banda sonora o título independiente spa
082 #4 - NÚMERO DE LA CLASIFICACIÓN DECIMAL DEWEY
Número de clasificación 972.9305
Número de documento/Ítem L296e
Número de edición 22
100 1# - ENTRADA PRINCIPAL--NOMBRE DE PERSONA
Nombre de persona Lantigua, José Rafael,
Código de función/relación aut.
Término indicativo de función/relación autor
9 (RLIN) 85376
245 10 - MENCIÓN DE TÍTULO
Título Enseres y tramoyas :
Resto del título crónica con historia /
Mención de responsabilidad, etc. José Rafael Lantigua ; editor, Isael Pérez.
250 ## - MENCIÓN DE EDICIÓN
Mención de edición Primera edición
264 #4 - PRODUCCIÓN, PUBLICACIÓN, DISTRIBUCIÓN, FABRICACIÓN Y COPYRIGHT
Producción, publicación, distribución, fabricación y copyright Santo Domingo, R. D. :
Nombre del de productor, editor, distribuidor, fabricante Archivo General de la Nación,
Fecha de producción, publicación, distribución, fabricación o copyright ©2021.
300 ## - DESCRIPCIÓN FÍSICA
Extensión 512 páginas ;
Dimensiones 23 cm.
336 ## - TIPO DE CONTENIDO
Término de tipo de contenido texto
Código de tipo de contenido txt
Fuente rdacontent
337 ## - TIPO DE MEDIO
Nombre/término del tipo de medio sin mediación
Código del tipo de medio n
Fuente rdamedia
338 ## - TIPO DE SOPORTE
Nombre/término del tipo de soporte rdacarrier
Código del tipo de soporte volumen
Fuente nc
490 0# - MENCIÓN DE SERIE
Mención de serie Archivo General de la Nación ;
Designación de volumen o secuencia 418
500 ## - NOTA GENERAL
Nota general Incluye datos biográficos del autor en la solapa de la cubierta.
500 ## - NOTA GENERAL
Nota general Incluye guía de lectura.
504 ## - NOTA DE BIBLIOGRAFÍA, ETC.
Nota de bibliografía, etc. Bibliografía : p. 479- 507.
505 0# - NOTA DE CONTENIDO CON FORMATO
Nota de contenido con formato Enseres domésticos.--
Título Crónicas en pequeño.--
-- Tramoyas tramadas.--
-- Guía de lectua.--
505 0# - NOTA DE CONTENIDO CON FORMATO
Nota de contenido con formato Una recopilación de artículos sobre diversos temas como historia dominicana, literatura, política, cultura, Haití, Cuba, entre otros. José́ Rafael Lantigua (1949) fue Ministro de Cultura de la República Dominicana y Comisionado de la Feria Internacional del Libro de Santo Domingo de 2004 a 2012.LantiguaHa sido galardonado con numerosos premios literarios y culturales, entre ellos Premio Nacional de Periodismo, categoría Patrimonio Cultural (Club de Prensa Extranjera, 1989), Premio Nacional de Ensayo, Centenario de Duarte (1977), Caonabo de Oro (Asociación Dominicana de Periodistas y Escritores, 2000). ), Premio Pro-Cultura (Ateneo Amantes de la Luz, Santiago de los Caballeros, 2003), Premio Narciso González al Intelectual del Año (Taller literario Virgilio Díaz Grullón y Casa de Arte, Santiago de los Caballeros, 2003), Premio de la Academia (Academia Dominicana de la Lengua, 2003), entre otros. Ha publicado numerosos libros y artículos entre los que destacan: Domingo Moreno Jimenes, biografía de un poeta (1976), La conjura del tiempo, memorias del hombre dominicano (1994), La conducta literaria: el discurso fundacional (2008), Crónica de arte o el arte de la inducción cultural (2009), Venir con cuentos: muestrario del cuento dominicano (2012), y La palabra para ser dicha (2012), Espacios y resonancias (2016), Un encuentro con el comandante (2016), Iniciación de la tarde (2021) entre muchos otros.
590 ## - NOTA LOCAL (RLIN)
Nota local Inventariado 2022 / MF
651 #0 - PUNTO DE ACCESO ADICIONAL DE MATERIA--NOMBRE GEOGRÁFICO
Nombre geográfico República Dominicana
Subdivisión general Civilización
Subdivisión cronológica Siglo XXI
9 (RLIN) 81297
651 #0 - PUNTO DE ACCESO ADICIONAL DE MATERIA--NOMBRE GEOGRÁFICO
Nombre geográfico República Dominicana
Subdivisión general Política y gobierno
Subdivisión cronológica 1961-
9 (RLIN) 204
700 1# - PUNTO DE ACCESO ADICIONAL--NOMBRE DE PERSONA
Nombre de persona Pérez, Isael,
Fechas asociadas al nombre 1961-
Término indicativo de función/relación ed.
9 (RLIN) 1414
710 2# - PUNTO DE ACCESO ADICIONAL--NOMBRE DE ENTIDAD CORPORATIVA
Nombre de entidad corporativa o nombre de jurisdicción como elemento de entrada Archivo General de la Nación (República Dominicana)
9 (RLIN) 85400
910 ## - DATOS DE OPCIÓN DEL USUARIO (OCLC)
Datos de opción del usuario MFeliz/Validado. Control de calidad MFF
942 ## - ELEMENTOS DE PUNTO DE ACCESO ADICIONAL (KOHA)
Fuente del sistema de clasificación o colocación Dewey Decimal Classification
Tipo de ítem Koha Libro
Holdings
Estado de retiro Estado de pérdida Fuente del sistema de clasificación o colocación Restricciones de uso No para préstamo Código de colección Localización permanente Ubicación/localización actual Ubicación en estantería Fecha de adquisición Fuente de adquisición Signatura topográfica completa Código de barras Fecha visto por última vez Precio válido a partir de Tipo de ítem Koha Número de copia Total de préstamos Nota pública
    Dewey Decimal Classification Excluido de préstamo   Patrimonio Dominicano Biblioteca Nacional Pedro Henríquez Ureña Biblioteca Nacional Pedro Henríquez Ureña Depósito 30.03.2022 Depósito legal BNPHU PD 972.9305 L296e 2022-2028 12.05.2022 12.05.2022 Libro      
    Dewey Decimal Classification Excluido de préstamo   Patrimonio Dominicano Biblioteca Nacional Pedro Henríquez Ureña Biblioteca Nacional Pedro Henríquez Ureña Depósito 30.03.2022 Depósito legal BNPHU PD 972.9305 L296e 2022-2029 12.05.2022 12.05.2022 Libro e.2    
    Dewey Decimal Classification Préstamo en sala   Dominicana de Servicio Biblioteca Nacional Pedro Henríquez Ureña Biblioteca Nacional Pedro Henríquez Ureña Depósito 30.03.2022 Depósito legal BNPHU DS 972.9305 L296e 2022-2030 12.05.2022 12.05.2022 Libro e.3    
    Dewey Decimal Classification Préstamo en sala   Dominicana de Servicio Biblioteca Nacional Pedro Henríquez Ureña Biblioteca Nacional Pedro Henríquez Ureña Depósito 07.07.2022 Donación BNPHU DS 972.9305 L296e 2022-3376 07.07.2022 07.07.2022 Libro e.4   Donado por Frank Moya Pons
    Dewey Decimal Classification Préstamo en sala   Dominicana de Servicio Biblioteca Nacional Pedro Henríquez Ureña Biblioteca Nacional Pedro Henríquez Ureña Depósito 07.07.2022 Donación BNPHU DS 972.9305 L296e 2022-3377 07.07.2022 07.07.2022 Libro e.5   Donado por Frank Moya Pons

Powered by Koha